Alemania y la reorganización de Europa / (Record no. 107006)

MARC details
000 -LEADER
campo de control de longitud fija 00647nam a2200193 4500
001 - NÚMERO DE CONTROL
campo de control 107006
003 - IDENTIFICADOR DE NÚMERO DE CONTROL
campo de control ES-MaACL
005 - FECHA Y HORA DE LA ÚLTIMA TRANSACCIÓN
campo de control 20230906184327.0
007 - CAMPO FIJO DE DESCRIPCIÓN FÍSICA--INFORMACIÓN GENERAL
campo de control de longitud fija t|
008 - DATOS DE LONGITUD FIJA--INFORMACIÓN GENERAL
campo de control de longitud fija 061121s1946 sp r ||||1| spa d
100 1# - ENTRADA PRINCIPAL--NOMBRE DE PERSONA
Nombre de persona Moret, Claude.
9 (RLIN) 83469
245 10 - MENCIÓN DEL TÍTULO
Título Alemania y la reorganización de Europa /
Mención de responsabilidad, etc. Claude Moret ; [versión española por José Núñez].
260 ## - PUBLICACIÓN, DISTRIBUCIÓN, ETC.
Lugar de publicación, distribución, etc. Madrid :
Nombre del editor, distribuidor, etc. Ediciones y Publicaciones Españolas,
Fecha de publicación, distribución, etc. 1946.
300 ## - DESCRIPCIÓN FÍSICA
Extensión 340 p. ;
Dimensiones 19 cm.
650 ## - PUNTO DE ACCESO ADICIONAL DE MATERIA--TÉRMINO DE MATERIA
Término de materia o nombre geográfico como elemento de entrada Reconstrucción, 1939-1951.
9 (RLIN) 171906
651 #4 - PUNTO DE ACCESO ADICIONAL DE MATERIA--NOMBRE GEOGRÁFICO
Nombre geográfico Alemania-
Subdivisión general Política y gobierno-
Subdivisión cronológica 1933-1945.
9 (RLIN) 140301
700 1# - ENTRADA AGREGADA--NOMBRE PERSONAL
Nombre de persona Núñez, José.
9 (RLIN) 86157
852 ## - LOCALIZACIÓN
Ubicación ES-MaACL
Número de control de estantería C-4016
Holdings
Estatus retirado Estado de pérdida Estado de daño No para préstamo Biblioteca de origen Biblioteca actual Ubicación en estantería Fecha de adquisición Fuente de adquisición Total de préstamos Signatura topográfica completa Código de barras Visto por última vez Precio de reemplazo Tipo de ítem Koha
        Biblioteca del Ateneo de Madrid Biblioteca del Ateneo de Madrid Sala Palomar 17/01/2008     C-4016 1111688 23/02/2023 23/02/2023 Libro impreso